000 00338nam a22001217a 4500
999 _c13617
_d13617
082 _a891.43
_bم ب ا
100 _aمبارک علی
245 _aمغل دربار
260 _a لاہور
_bفکشن ہاؤس
_c٢٠٠٤
300 _a١٧١ صفحات
650 _aMughal Darbar, Mubarak Ali, History, Mughal Emperor
942 _cBK